[Event "Budapest FS03 Development"]
[Site "Budapest"]
[Date "2016.03.08"]
[Round "4"]
[White "Fodor, Kornel"]
[Black "Sulcz, Istvan"]
[Result "0-1"]
[WhiteElo "1687"]
[BlackElo "1835"]
[PlyCount "76"]
[EventDate "2016.03.05"]
[EventType "tourn"]
[EventRounds "9"]
[EventCountry "HUN"]
[SourceTitle "EXT 2025"]
[Source "ChessBase"]
[SourceDate "2024.10.14"]
[SourceVersion "1"]
[SourceVersionDate "2024.10.14"]
[SourceQuality "1"]

1. e4 c5 2. Nc3 Nc6 3. f4 g6 4. Nf3 Bg7 5. Bc4 e6 6. f5 Nge7 7. fxe6 fxe6 8. d3 d5 9. Bb3 b5 10. 0-0 c4 11. dxc4 Qb6+ 12. c5 Qxc5+ 13. Kh1 b4 14. Ne2 0-0 15. Nf4 dxe4 16. Nxe6 Bxe6 17. Bxe6+ Kh8 18. Ng5 Ne5 19. Bf4 N7c6 20. Qe1 Qe7 21. Qh4 Bf6 22. Bxe5 Nxe5 23. Rxf6 Rxf6 24. Qxe4 Raf8 25. Qxe5 h6 26. Nf3 Qxe6 27. Qd4 Qd6 28. Qxa7 Re8 29. Qf2 Rfe6 30. Qh4 Kg7 31. Rf1 Rf6 32. Qc4 Rf4 33. Qb5 Qe6 34. Qd3 Qe2 35. Rd1 Qxd3 36. Rxd3 Re2 37. g3 Rf7 38. Nd4 Rf1# 0-1

[Event "Budapest FS11 FM-A"]
[Site "Budapest"]
[Date "2015.11.17"]
[Round "10"]
[White "Sulcz, Istvan"]
[Black "Itgelt, Khuyagtsogt"]
[Result "0-1"]
[WhiteElo "1864"]
[BlackElo "1895"]
[PlyCount "58"]
[EventDate "2015.11.07"]
[EventType "tourn"]
[EventRounds "9"]
[EventCountry "HUN"]
[SourceTitle "CBM 169 Extra"]
[Source "ChessBase"]
[SourceDate "2015.12.18"]
[SourceVersion "1"]
[SourceVersionDate "2015.12.18"]
[SourceQuality "1"]

1. Nf3 Nf6 2. c4 g6 3. d4 Bg7 4. Nc3 0-0 5. g3 d6 6. Bg2 Nc6 7. 0-0 Bg4 8. h3 Bxf3 9. Bxf3 Nd7 10. Be3 e5 11. Bxc6 bxc6 12. Rc1 Qe7 13. d5 c5 14. Qd2 f5 15. Bh6 f4 16. Bxg7 Qxg7 17. Ne4 g5 18. g4 Nf6 19. f3 Nxe4 20. fxe4 Rf6 21. Rf3 Rh6 22. Kf2 Rh4 23. b4 h5 24. bxc5 hxg4 25. hxg4 Qh6 26. Rg1 Rh2+ 27. Kf1 Rb8 28. Rb3 Rxb3 29. axb3 Qh4 0-1

[Event "Budapest FS11 FM-A"]
[Site "Budapest"]
[Date "2015.11.13"]
[Round "6"]
[White "Sulcz, Istvan"]
[Black "Juracsik, Jozsef"]
[Result "0-1"]
[WhiteElo "1864"]
[BlackElo "2103"]
[PlyCount "86"]
[EventDate "2015.11.07"]
[EventType "tourn"]
[EventRounds "9"]
[EventCountry "HUN"]
[SourceTitle "CBM 169 Extra"]
[Source "ChessBase"]
[SourceDate "2015.12.18"]
[SourceVersion "1"]
[SourceVersionDate "2015.12.18"]
[SourceQuality "1"]

1. Nf3 Nf6 2. c4 g6 3. Nc3 Bg7 4. d4 0-0 5. g3 d6 6. Bg2 Nc6 7. 0-0 e5 8. dxe5 dxe5 9. Bg5 Qxd1 10. Rfxd1 Bg4 11. Rd2 Rfe8 12. Rad1 h6 13. Be3 Rac8 14. Ne1 e4 15. h3 Be6 16. b3 a6 17. Nxe4 Nxe4 18. Bxe4 Bxh3 19. Bg2 Bf5 20. Nd3 Nd8 21. Bf3 g5 22. Rc2 a5 23. Rcc1 Nc6 24. g4 Be4 25. Nc5 Bxf3 26. exf3 Ne5 27. Kg2 b6 28. Nd3 Ng6 29. f4 Re4 30. fxg5 hxg5 31. Kg3 Bf6 32. Bd2 Rd8 33. Bc3 Bxc3 34. Rxc3 Red4 35. Kf3 Nf4 36. Ke3 c5 37. a4 Kf8 38. Rd2 f6 39. Rd1 Kf7 40. Rd2 Re8+ 41. Kf3 Rh8 42. Nxf4 Rxd2 43. Ke3 Rd4 0-1

[Event "Budapest FS11 FM-A"]
[Site "Budapest"]
[Date "2015.11.11"]
[Round "5"]
[White "Itgelt, Khuyagtsogt"]
[Black "Sulcz, Istvan"]
[Result "1-0"]
[WhiteElo "1895"]
[BlackElo "1864"]
[PlyCount "123"]
[EventDate "2015.11.07"]
[EventType "tourn"]
[EventRounds "9"]
[EventCountry "HUN"]
[SourceTitle "CBM 169 Extra"]
[Source "ChessBase"]
[SourceDate "2015.12.18"]
[SourceVersion "1"]
[SourceVersionDate "2015.12.18"]
[SourceQuality "1"]

1. e4 c5 2. Nf3 Nc6 3. d4 cxd4 4. Nxd4 e5 5. Nb5 d6 6. N1c3 a6 7. Na3 b5 8. Nd5 Nge7 9. c4 Nd4 10. Be3 Nxd5 11. cxd5 g6 12. Bxd4 exd4 13. Qxd4 Qa5+ 14. Qd2 Qxd2+ 15. Kxd2 Bg7 16. Kc2 0-0 17. Bd3 f5 18. f3 fxe4 19. Bxe4 Bf5 20. Rae1 Rac8+ 21. Kb1 Bxe4+ 22. Rxe4 Rc5 23. Rd1 Rf5 24. Re6 Bf8 25. Nc2 Rcxd5 26. Rxd5 Rxd5 27. Nb4 Rd2 28. Nxa6 Rxg2 29. Nc7 Kf7 30. Re4 Rxh2 31. Nxb5 h5 32. a4 h4 33. a5 d5 34. Rf4+ Kg8 35. a6 Bc5 36. b4 Bb6 37. a7 Bxa7 38. Nxa7 Rh1+ 39. Kb2 h3 40. b5 Re1 41. Rh4 d4 42. b6 Re2+ 43. Kb3 Re7 44. Nc8 Rh7 45. Rxh3 Rxh3 46. b7 Rh1 47. Kb2 d3 48. b8Q d2 49. Ne7+ Kf7 50. Qf4+ Kxe7 51. Qxd2 Rh5 52. Qd4 Kf7 53. Qd7+ Kf6 54. Kc3 Rf5 55. Kd4 Rh5 56. f4 Rf5 57. Ke4 Rh5 58. Qe8 Kg7 59. Qe7+ Kg8 60. Qf6 Kh7 61. Qf7+ Kh6 62. Qg8 1-0

[Event "Budapest FS11 FM-A"]
[Site "Budapest"]
[Date "2015.11.10"]
[Round "4"]
[White "Sulcz, Istvan"]
[Black "Bensaid, Simon"]
[Result "1-0"]
[WhiteElo "1864"]
[BlackElo "1861"]
[PlyCount "107"]
[EventDate "2015.11.07"]
[EventType "tourn"]
[EventRounds "9"]
[EventCountry "HUN"]
[SourceTitle "CBM 169 Extra"]
[Source "ChessBase"]
[SourceDate "2015.12.18"]
[SourceVersion "1"]
[SourceVersionDate "2015.12.18"]
[SourceQuality "1"]

1. d4 d5 2. Nf3 Nf6 3. c4 c6 4. Nc3 e6 5. Bg5 dxc4 6. e4 b5 7. e5 h6 8. Bh4 g5 9. Nxg5 hxg5 10. Bxg5 Nbd7 11. g3 Bb7 12. Bg2 Qb6 13. exf6 0-0-0 14. 0-0 c5 15. d5 b4 16. Na4 Qb5 17. h4 Ne5 18. Qc2 Bxd5 19. b3 c3 20. a3 Qd3 21. Qxd3 Nxd3 22. axb4 cxb4 23. Bxd5 exd5 24. Rfd1 Ne5 25. Bf4 Nc6 26. Rac1 Kb7 27. Kf1 Na5 28. Nxc3 bxc3 29. Rxc3 Nc6 30. Rcd3 d4 31. Be3 Bc5 32. Bf4 Bd6 33. Bg5 Kb6 34. f4 Rde8 35. Kf2 Bc5 36. g4 Re3 37. h5 Rxd3 38. Rxd3 Nb4 39. Rd2 Nd5 40. Kf3 Kc6 41. f5 Nc3 42. Bf4 Kd5 43. h6 Ne4 44. Rg2 Bf8 45. g5 d3 46. g6 Bxh6 47. g7 d2 48. Bxd2 Rg8 49. Bxh6 Nxf6 50. Ra2 Rb8 51. Rxa7 Rxb3+ 52. Be3 Rb8 53. Rxf7 Nh7 54. Rc7 1-0

[Event "Budapest Art Pub Cup 4th"]
[Site "Budapest"]
[Date "2014.04.19"]
[Round "4"]
[White "Sulcz, Istvan"]
[Black "Ongut, Selcuk"]
[Result "1-0"]
[WhiteElo "1956"]
[BlackElo "1559"]
[PlyCount "47"]
[EventDate "2014.04.16"]
[EventType "swiss"]
[EventRounds "7"]
[EventCountry "HUN"]
[SourceTitle "EXT 2015"]
[Source "ChessBase"]
[SourceDate "2014.11.20"]
[SourceVersion "1"]
[SourceVersionDate "2014.11.20"]
[SourceQuality "1"]

1. d4 d5 2. Nf3 Nf6 3. c4 dxc4 4. e3 e6 5. Bxc4 Nc6 6. 0-0 Be7 7. Nc3 0-0 8. Qe2 b6 9. Rd1 Qe8 10. e4 Bb7 11. e5 Nd7 12. Ne4 Na5 13. Bd3 c5 14. dxc5 Nxc5 15. Nxc5 Bxf3 16. Qxf3 Bxc5 17. b4 Bxb4 18. Qe4 g6 19. Qxb4 Qd7 20. Bg5 h5 21. Be4 Qxd1+ 22. Rxd1 Rac8 23. Bf6 Rc4 24. Qd2 1-0

[Event "Budapest Art Pub Cup 4th"]
[Site "Budapest"]
[Date "2014.04.18"]
[Round "3"]
[White "Czibulka, Zoltan"]
[Black "Sulcz, Istvan"]
[Result "1-0"]
[WhiteElo "2058"]
[BlackElo "1956"]
[PlyCount "73"]
[EventDate "2014.04.16"]
[EventType "swiss"]
[EventRounds "7"]
[EventCountry "HUN"]
[SourceTitle "EXT 2015"]
[Source "ChessBase"]
[SourceDate "2014.11.20"]
[SourceVersion "1"]
[SourceVersionDate "2014.11.20"]
[SourceQuality "1"]

1. Nf3 Nf6 2. c4 g6 3. b3 Bg7 4. Bb2 0-0 5. g3 d6 6. d4 e5 7. dxe5 Ng4 8. Bg2 Nc6 9. Nc3 Ngxe5 10. Nxe5 Nxe5 11. 0-0 Re8 12. Qd2 Nc6 13. Nd5 Ne5 14. h3 c6 15. Nc3 f5 16. Rad1 Nf7 17. e3 h5 18. h4 g5 19. hxg5 Qxg5 20. Ne2 Bxb2 21. Qxb2 h4 22. Qd4 hxg3 23. Nxg3 Ne5 24. Qf4 Qxf4 25. exf4 Ng6 26. Nh5 Kf7 27. Rxd6 Be6 28. Re1 Re7 29. Re3 Rh8 30. Rh3 Rd7 31. Rxd7+ Bxd7 32. Kf1 Be8 33. Ke1 Ke7 34. Kd2 Kd6 35. Ng7 Rf8 36. Rh6 Kc5 37. Ne6+ 1-0

[Event "Budapest Art Pub Cup 2nd"]
[Site "Budapest"]
[Date "2013.08.10"]
[Round "4"]
[White "Lengyel, Andrea"]
[Black "Sulcz, Istvan"]
[Result "1/2-1/2"]
[WhiteElo "1714"]
[BlackElo "1912"]
[PlyCount "56"]
[EventDate "2013.08.09"]
[EventType "swiss"]
[EventRounds "6"]
[EventCountry "HUN"]
[SourceTitle "CBM 156 Extra"]
[Source "ChessBase"]
[SourceDate "2013.10.22"]
[SourceVersion "1"]
[SourceVersionDate "2013.10.22"]
[SourceQuality "1"]

1. d4 Nf6 2. c4 g6 3. Nc3 d5 4. cxd5 Nxd5 5. e4 Nxc3 6. bxc3 Bg7 7. Bb5+ c6 8. Ba4 0-0 9. Ne2 b5 10. Bb3 a5 11. a4 b4 12. Bd2 c5 13. dxc5 Bb7 14. f3 Na6 15. Rb1 Nxc5 16. 0-0 Nd3 17. h3 Qb6+ 18. Kh2 Rfd8 19. Qc2 Qd6+ 20. Kg1 Ba6 21. Rfd1 Qc5+ 22. Kh2 Qf2 23. Ng3 Be5 24. f4 Nxf4 25. Be1 Qxc2 26. Bxc2 bxc3 27. Rdc1 Ne2 28. Rd1 Rd2 1/2-1/2

[Event "Budapest Karacsonyi op 2nd"]
[Site "Budapest"]
[Date "2010.12.29"]
[Round "4"]
[White "Sulcz, Istvan"]
[Black "Kapas, Robert"]
[Result "0-1"]
[WhiteElo "1977"]
[BlackElo "1922"]
[PlyCount "76"]
[EventDate "2010.12.27"]
[EventType "swiss"]
[EventRounds "7"]
[EventCountry "HUN"]
[SourceTitle "EXT 2022"]
[Source "ChessBase"]
[SourceDate "2021.10.06"]
[SourceVersion "1"]
[SourceVersionDate "2021.10.06"]
[SourceQuality "1"]

1. Nf3 d5 2. d4 Nf6 3. c4 e6 4. g3 c5 5. cxd5 Nxd5 6. e4 Nf6 7. Nc3 cxd4 8. Nxd4 Be7 9. Bg2 e5 10. Nf5 0-0 11. 0-0 Nc6 12. Nxe7+ Nxe7 13. Qxd8 Rxd8 14. Bg5 Be6 15. Rfd1 h6 16. Be3 a6 17. Bb6 Rxd1+ 18. Rxd1 Rc8 19. Nd5 Nc6 20. f4 Nd7 21. Be3 f6 22. f5 Bf7 23. Ne7+ Nxe7 24. Rxd7 Nc6 25. Rxb7 Bxa2 26. Bf1 Na5 27. Rb4 Bc4 28. Ra4 Bxf1 29. Kxf1 Nc4 30. Bc1 Nb6 31. Ra1 Rc2 32. Be3 Nc4 33. Bf2 Nd2+ 34. Ke1 Nxe4 35. Be3 Rxb2 36. Rxa6 Rxh2 37. Ra8+ Kh7 38. Ra4 Re2+ 0-1

[Event "Budapest FS07 FM"]
[Site "Budapest"]
[Date "2001.??.??"]
[Round "2"]
[White "Coleman, James"]
[Black "Sulcz, Istvan"]
[Result "1/2-1/2"]
[WhiteElo "2125"]
[BlackElo "2080"]
[PlyCount "56"]
[EventDate "2001.07.??"]
[EventType "tourn"]
[EventRounds "13"]
[EventCountry "HUN"]
[SourceTitle "EXT 2003"]
[Source "ChessBase"]
[SourceDate "2002.11.25"]
[SourceVersion "1"]
[SourceVersionDate "2002.11.25"]
[SourceQuality "1"]

1. d4 Nf6 2. Nf3 g6 3. Nc3 d6 4. e4 Bg7 5. Be3 Nbd7 6. Qd2 c6 7. Bh6 0-0 8. Bxg7 Kxg7 9. e5 Ng8 10. Ne4 d5 11. Ng3 e6 12. h4 h6 13. h5 g5 14. Bd3 f5 15. exf6+ Qxf6 16. 0-0 e5 17. Nf5+ Kh8 18. dxe5 Nxe5 19. Nxe5 Qxe5 20. Rfe1 Qf6 21. Ng3 Bd7 22. c3 Qf4 23. Qc2 Qh4 24. Bg6 Qf4 25. Rad1 Qf6 26. Qe2 Be8 27. Bf5 Bf7 28. Qe5 Rfe8 1/2-1/2

[Event "Budapest FS07 FM"]
[Site "Budapest"]
[Date "2001.??.??"]
[Round "6"]
[White "Sinn, C."]
[Black "Sulcz, Istvan"]
[Result "1/2-1/2"]
[WhiteElo "2000"]
[BlackElo "2080"]
[PlyCount "29"]
[EventDate "2001.07.??"]
[EventType "tourn"]
[EventRounds "13"]
[EventCountry "HUN"]
[SourceTitle "EXT 2003"]
[Source "ChessBase"]
[SourceDate "2002.11.25"]
[SourceVersion "1"]
[SourceVersionDate "2002.11.25"]
[SourceQuality "1"]

1. e4 c5 2. Nf3 Nc6 3. c4 e5 4. Nc3 d6 5. d3 Nge7 6. Be2 h6 7. 0-0 Be6 8. Nd5 Ng6 9. Bd2 Be7 10. Nxe7 Qxe7 11. a3 0-0 12. b4 Bg4 13. b5 Bxf3 14. Bxf3 Nd4 15. Bg4 1/2-1/2

[Event "Budapest FS07 FM"]
[Site "Budapest"]
[Date "2001.??.??"]
[Round "7"]
[White "Sulcz, Istvan"]
[Black "Dobos, Otto"]
[Result "1/2-1/2"]
[WhiteElo "2080"]
[BlackElo "2035"]
[PlyCount "20"]
[EventDate "2001.07.??"]
[EventType "tourn"]
[EventRounds "13"]
[EventCountry "HUN"]
[SourceTitle "EXT 2003"]
[Source "ChessBase"]
[SourceDate "2002.11.25"]
[SourceVersion "1"]
[SourceVersionDate "2002.11.25"]
[SourceQuality "1"]

1. d4 d5 2. c4 e6 3. Nc3 c6 4. Nf3 f5 5. e3 Nf6 6. Bd3 Bd6 7. 0-0 0-0 8. Ne5 Ne4 9. f4 Nd7 10. Bxe4 fxe4 1/2-1/2

[Event "Budapest FS07 FM"]
[Site "Budapest"]
[Date "2001.??.??"]
[Round "3"]
[White "Sulcz, Istvan"]
[Black "Jablon, Stephen Eric"]
[Result "1-0"]
[WhiteElo "2080"]
[BlackElo "2000"]
[PlyCount "97"]
[EventDate "2001.07.??"]
[EventType "tourn"]
[EventRounds "13"]
[EventCountry "HUN"]
[SourceTitle "EXT 2003"]
[Source "ChessBase"]
[SourceDate "2002.11.25"]
[SourceVersion "1"]
[SourceVersionDate "2002.11.25"]
[SourceQuality "1"]

1. e4 d5 2. exd5 Nf6 3. d4 Nxd5 4. c4 Nf6 5. Nf3 Bg4 6. Be2 e6 7. 0-0 Be7 8. Nc3 0-0 9. h3 Bh5 10. Be3 Nbd7 11. Qd2 c5 12. d5 exd5 13. cxd5 Nb6 14. g4 Bg6 15. Rfd1 Nc8 16. Ne5 b6 17. Nc6 Qd7 18. Nxe7+ Nxe7 19. Bf3 Rad8 20. Bg5 Ne8 21. Re1 f6 22. Bf4 Nd6 23. Qe2 Nec8 24. Qe6+ Bf7 25. Qxd7 Rxd7 26. Rad1 Re8 27. a4 Bg6 28. Rxe8+ Bxe8 29. Re1 Bg6 30. a5 b5 31. Ne4 Nxe4 32. Bxe4 Bxe4 33. Rxe4 Kf7 34. Re6 Rxd5 35. Rc6 Ne7 36. Rc7 a6 37. Ra7 c4 38. Rxa6 Ng6 39. Be3 b4 40. Ra8 c3 41. bxc3 bxc3 42. a6 Ra5 43. a7 c2 44. Rc8 c1Q+ 45. Rxc1 Ne7 46. Rc7 Ke6 47. Bc5 Nd5 48. Rc8 Ra1+ 49. Kh2 1-0

[Event "Budapest FS07 FM"]
[Site "Budapest"]
[Date "2001.??.??"]
[Round "11"]
[White "Szirmai, Eduard"]
[Black "Sulcz, Istvan"]
[Result "1-0"]
[WhiteElo "2145"]
[BlackElo "2080"]
[PlyCount "70"]
[EventDate "2001.07.??"]
[EventType "tourn"]
[EventRounds "13"]
[EventCountry "HUN"]
[SourceTitle "EXT 2006"]
[Source "ChessBase"]
[SourceDate "2005.11.24"]
[SourceVersion "1"]
[SourceVersionDate "2005.11.24"]
[SourceQuality "1"]

1. d4 Nf6 2. Nf3 g6 3. g3 Bg7 4. Bg2 d6 5. 0-0 0-0 6. Nc3 Nbd7 7. e4 e5 8. Re1 c6 9. a4 a5 10. b3 Qc7 11. Ba3 exd4 12. Nxd4 Re8 13. Qd2 Bf8 14. Rad1 Nc5 15. Qf4 Nh5 16. Qd2 Nf6 17. h3 Bd7 18. Kh2 Rad8 19. Re2 Bc8 20. Rde1 d5 21. Bxc5 Bxc5 22. exd5 Rxe2 23. Rxe2 Nxd5 24. Nxd5 cxd5 25. Nb5 Qb6 26. Bxd5 Be6 27. c4 Bxd5 28. cxd5 Bb4 29. Qd3 Qc5 30. d6 Qc6 31. Rc2 Qb6 32. d7 Qe6 33. Rc7 Qb6 34. Kg2 Bc5 35. Qf3 Qe6 1-0